LEADER 01057nam0-22003731i-450- 001 990003989410403321 005 20040108172244.0 010 $a0-8218-3496-7 035 $a000398941 035 $aFED01000398941 035 $a(Aleph)000398941FED01 035 $a000398941 100 $a20040108d2003----km-y0itay50------ba 101 1 $aeng 102 $aUS 105 $aa---a---001yy 200 1 $aCombinatorial constructions in ergodic theory and dynamics$fA.Katok 210 $aProvidence$cAmerican Mathematical Society$dc2003 215 $aiv,121 p.$d24 cm 225 1 $aUniversity lecture series$v30 610 0 $aTeoria ergotica 610 0 $aSistemi dinamici differenziabili 676 $a515.48$v21 700 1$aKatok,$bAnatole$022857 801 0$aIT$bUNINA$gRICA$2UNIMARC 901 $aBK 912 $a990003989410403321 952 $aC-59-(30$b20150$fMA1 959 $aMA1 962 $a37A20 962 $a37A25 962 $a37C40 996 $aCombinatorial constructions in ergodic theory and dynamics$9253240 997 $aUNINA LEADER 01478nam a22002651i 4500 001 991002305109707536 005 20030530061649.0 008 030925s1932 fr |||||||||||||||||fre 035 $ab12270398-39ule_inst 035 $aARCHE-031796$9ExL 040 $aBiblioteca Interfacoltà$bita$cA.t.i. Arché s.c.r.l. Pandora Sicilia s.r.l. 082 04$a337.094 110 2 $aSociete des nations$0378196 245 10$aPremière conférence internationale d'etudés sur l'état et la vie économique :$bspecialement au point de vue des relations économiques et politiques internationales /$cSociété des Nations 260 $aParis :$bInstitut international de coopération intellectuelle,$c1932 300 $a210 p. ;$c24 cm 500 $aConférence tenue a Milan les 23-27 mai 1932 et organisée par l'Institut international de coopération intellectuelle en collaboration avec la Commission nationale italienne de cooperation intellectuelle 650 4$aEconomia internazionale$xCongressi$y1932 711 2 $aConférence internationale d'etudes sur l'état et la vie economique$n<1. ;$d1932 ;$cMilano> 907 $a.b12270398$b02-04-14$c08-10-03 912 $a991002305109707536 945 $aLE002 Dir. IX L 35$g1$i2002000023872$lle002$o-$pE0.00$q-$rl$s- $t0$u0$v0$w0$x0$y.i12661867$z08-10-03 996 $aPremière conférence internationale d'etudés sur l'état et la vie économique$9152704 997 $aUNISALENTO 998 $ale002$b08-10-03$cm$da $e-$ffre$gfr $h0$i1